| 000 | 00447cam a2200181 4500 | ||
|---|---|---|---|
| 001 | D11165 | ||
| 008 | 090401t xxu||||| |||| 00| 0 eng d | ||
| 035 | _a(Sirsi) u97460 | ||
| 041 | _aeng | ||
| 050 | _a331.712 | ||
| 100 | _aNapley, David | ||
| 245 | 4 | _aThe growing threats to the independence of the professions | |
| 350 | _a0 | ||
| 520 | _aIn Blundell memorial lectures 1983 | ||
| 700 | _aJames, J.N.C. | ||
| 942 | _n0 | ||
| 948 | _c04/03/1997 | ||
| 999 |
_c98902 _d98902 |
||